000
00241nam a22000857a 4500
008
160823b xxu||||| |||| 00| 0 eng d
100
_9
218
_a
Young Learner's
245
_a
Beauty and the Beast
260
_a
New Delhi
_b
Young Learner's publication
_c
2011
999
_c
2875
_d
2875